000 00715nam a2200205 i 4500
001 55398
003 ES-MaACL
005 20230906163133.0
007 t|
008 030918s1966 sp ||||1| spa d
245 0 3 _aLa depresión cerrada de Matienzo.
260 _aSantander :
_b[s.n.],
_c1966.
300 _a106 p., 1 lám. pleg., 8 plan. pleg. ;
_c28 cm.
490 1 _aCuadernos de espeleología
500 _aPrecede al tít.: Patronato de las cuevas prehistóricas de la Provincia de Santander.
710 2 _aPatronato de las cuevas prehistóricas de la Provincia de Santander.
_96177
830 0 _aCuadernos de espeleología
_9230337
852 _aES-MaACL
_jC-32336
_bR.62640
999 _c55398
_d55398